The Complete guide to financial privacy /

Bibliographic Details
Main Author: Skousen, Mark
Format: Book
Language:English
Published: New York : Simon and Schuster, [1983]
Edition:New, rev. ed., 4th ed.
Subjects:

MARC

Tag First Indicator Second Indicator Subfields
LEADER 00000pam a2200000 a 4500
001 in00000515721
005 20151013074013.0
008 830307s1983 nyu b 00110 eng
010 |a  83000648  
020 |a 0671470604 :  |c $15.50 
035 |a (OCoLC)09370816 
035 |9 ACE6283AM 
039 0 |a 2  |b 3  |c 3  |d 3  |e 3 
040 |a DLC  |c DLC  |d TXA  |d UtOrBLW 
043 |a n-us--- 
049 |a TXAM 
050 0 0 |a JC599.U5  |b S55 1983 
082 0 |a 323.44/83  |2 19 
100 1 |a Skousen, Mark. 
245 1 4 |a The Complete guide to financial privacy /  |c by Mark Skousen. 
250 |a New, rev. ed., 4th ed. 
264 1 |a New York :  |b Simon and Schuster,  |c [1983] 
264 4 |c ©1983 
300 |a xvi, 255 pages ;  |c 25 cm. 
336 |a text  |b txt  |2 rdacontent 
337 |a unmediated  |b n  |2 rdamedia 
338 |a volume  |b nc  |2 rdacarrier 
500 |a Revised edition of: Mark Skousen's Complete guide to financial privacy. c1979. 
500 |a Includes index. 
504 |a Bibliography: pages [238]-241. 
650 0 |a Privacy, Right of  |z United States. 
650 0 |a Confidential communications  |x Banking. 
650 0 |a Finance, Personal. 
999 |a MARS 
999 f f |s d42cbdfd-adce-3640-9d1d-31e1520b162c  |i 2ce7c597-fdb2-3b13-b824-34d494d93058  |t 0 
952 f f |p normal  |a Texas A&M University  |b College Station  |c Sterling C. Evans Library  |d Evans: Library Stacks  |t 0  |e JC599.U5 S55 1983  |h Library of Congress classification  |i unmediated -- volume  |m A14807911835 
952 f f |p ric  |a Texas A&M University  |b Rellis Campus  |c Joint Library Facility  |d Remote Storage  |t 0  |e JC599.U5 S55 1983  |h Library of Congress classification  |i unmediated -- volume  |m A14819886698 
998 f f |a JC599.U5 S55 1983  |t 0  |l Evans: Library Stacks 
998 f f |a JC599.U5 S55 1983  |t 0  |l Remote Storage